000 01184nam a2200349 i 4500
999 _c142193
_d142193
001 vtls000691242
003 PNM
005 20180728150236.0
008 120927t20102010my a j | 000 0 may
015 _aM13-02259
020 _a9789675380426
_qhardback
039 9 _a201703270828
_bdayang
_c201605261517
_dazeantie
_c201307121408
_dirfah
_c201303221707
_dhabirah
040 _aBNM
_beng
_cBNM
_dPNM
_dPPAK
_erda
049 _aklpmal
082 0 4 _a616.203
_223
090 0 0 _a616.203
_bAYU
_dG
100 0 _aAyuni Rezwan,
_eauthor.
245 1 0 _aSejarah dan punca kewujudan H1N1 di dunia :
_nJilid 1 /
_cAyuni Rezwan
264 1 _aSeri Kembangan, Selangor :
_bPenerbitan Premier,
_c2010
264 4 _c© 2010
300 _aii, 44 pages :
_bcolour illustrations ;
_c30 cm. +
_e1 computer optical disc (4 3/4 in.)
336 _atext
_2rdacontent
337 _aunmediated
_2rdamedia
338 _avolume
_2rdacarrier
490 1 _aSIRI H1N1 DAN CHIKUNGUNYA
500 _aJilid 1
504 _aIncludes bibliographical references : pages 44.
650 1 0 _aH1N1 influenza
_xHistory
650 2 0 _aInfluenza A virus
_xHistory
830 0 _aSiri H1N1 dan Chikungunya
942 _2ddc
_cB